Postać z LoL'a po emoji - Statystyki

Ogólne statystyki
  • Ten quiz został rozwiązany 588 razy
  • Średni wynik to 10 z 15
Statystyki odpowiedzi
Hint Odpowiedź % Poprawnych
🐹🍄 Teemo
98%
🔱🦈 FIzz
89%
👨🏾🔫🔫 Lucian
89%
👧🐻 Annie
82%
🏴‍☠️🛢️ Gangplank
82%
🐱📖 Yuumi
78%
🛡️🚪 Braum
74%
👀🚫 Lee Sin
72%
🦂💎 Skarner
72%
🐸🏞️ Tahm Kench
71%
👩🐈 Nidalee
68%
🧙🃏 Twisted Fate
62%
🦄🍌 Soraka
61%
👧✂️ Gwenn
26%
🔫⚓ Akshan
15%
Nie znaleziono quizów pasujących do podanych kryteriów
Rozkład punktacji
Procent ludzi z każdym wynikiem
Percentyl według liczby udzielonych odpowiedzi
Twoja historia wyników
Nie rozwiązałeś tego quizu